Revaluing construction / (Record no. 121333)
[ view plain ]
| 000 -LEADER | |
|---|---|
| fixed length control field | 01137aam a2200373 a 4500 |
| 001 - CONTROL NUMBER | |
| control field | 013834559 |
| 003 - CONTROL NUMBER IDENTIFIER | |
| control field | Uk |
| 005 - DATE AND TIME OF LATEST TRANSACTION | |
| control field | 20230125103602.0 |
| 008 - FIXED-LENGTH DATA ELEMENTS--GENERAL INFORMATION | |
| fixed length control field | 230125s2008 enka b 001 0 eng d |
| 010 ## - LIBRARY OF CONGRESS CONTROL NUMBER | |
| LC control number | 2007006852 |
| 020 ## - INTERNATIONAL STANDARD BOOK NUMBER | |
| ISBN | 9781405159197 (hbk.) : |
| 041 ## - LANGUAGE CODE | |
| Language code of text/sound track or separate title | eng |
| 082 00 - DEWEY DECIMAL CLASSIFICATION NUMBER | |
| Classification number | 690.0685 |
| 100 1# - MAIN ENTRY--PERSONAL NAME | |
| Personal author | Barrett, Peter, |
| Titles and other words associated with a name | professor. |
| 245 10 - TITLE STATEMENT | |
| Title | Revaluing construction / |
| Statement of responsibility, etc | written and edited by Peter Barrett. |
| 260 ## - PUBLICATION INFORMATION | |
| Place of publication | Oxford : |
| Publisher | Blackwell, |
| Date | c2008. |
| 300 ## - PHYSICAL DESCRIPTION | |
| Physical description | xii, 282 p. : |
| Other physical details | ill. ; |
| Dimensions | 25 cm. |
| 500 ## - GENERAL NOTE | |
| General note | Formerly CIP. |
| 504 ## - BIBLIOGRAPHY, ETC. NOTE | |
| Bibliography, etc | Includes bibliographical references and index. |
| 650 #0 - KEYWORDS | |
| Keywords | Building Control |
| 650 #0 - KEYWORDS | |
| Keywords | Built Enviromment |
| 650 #0 - KEYWORDS | |
| Keywords | Construction industry |
| 650 #0 - KEYWORDS | |
| Keywords | Construction industry |
| 651 ## - SUBJECT ADDED ENTRY--GEOGRAPHIC NAME | |
| Geographic name | United Kingdom |
| 690 ## - BROAD SUBJECT | |
| 9 (RLIN) | 6230 |
| Broad subject | Construction management |
| 690 ## - BROAD SUBJECT | |
| 9 (RLIN) | 6307 |
| Broad subject | Built Environment |
| 942 ## - ADDED ENTRY ELEMENTS (KOHA) | |
| Suppress in OPAC | Do not suppress in OPAC |
| 336 ## - CONTENT TYPE | |
| Content type term | text |
| Source | rdacontent |
| 337 ## - MEDIA TYPE | |
| Media type term | unmediated |
| Source | rdamedia |
| 338 ## - CARRIER TYPE | |
| Carrier type term | volume |
| Source | rdacarrier |
| 540 ## - TERMS GOVERNING USE AND REPRODUCTION NOTE | |
| Terms governing use and reproduction | Current Copyright Fee: GBP32.00 |
| Authorization | 0 |
| Institution to which field applies | Uk |
| Lost status | Damaged status | Not for loan | Home library | Current library | Shelving location | Date acquired | Total Checkouts | Full call number | Date last seen | Price effective from | Koha item type |
|---|---|---|---|---|---|---|---|---|---|---|---|
| London | London | Books | 25/01/2023 | 690.0685 | 25/01/2023 | 25/01/2023 | Book |